[Event "III C.to Unione Europea"]
[Site "Arvier ITA"]
[Date "2007.06.17"]
[Round "3"]
[White "Cavatorta, Fosco"]
[Black "Dritsakos, Sonia"]
[Result "1-0"]
[WhiteElo "1921"]
[BlackElo "1524"]
[PlyCount "81"]
[EventDate "2007.06.15"]

1. Nf3 d5 2. g3 Nc6 3. d3 e5 4. Bg2 Nf6 5. O-O Be7 6. Nbd2 O-O 7. e4 Bg4 8. h3
Bh5 9. Re1 Bc5 10. g4 Bg6 11. Nb3 Bb6 12. Nbd2 h6 13. b3 Re8 14. Bb2 Qd6 15.
exd5 Nxd5 16. Nc4 Qc5 17. Nxb6 Qxb6 18. Nxe5 Nxe5 19. Bxe5 Rad8 20. Qd2 Re6 21.
Bb2 Rf6 22. Bxf6 Nxf6 23. Re7 Qd6 24. Rae1 Kf8 25. R7e5 Nh7 26. Bxb7 c6 27. Qc3
Ng5 28. R5e3 Qf4 29. Qc5+ Kg8 30. Bxc6 Kh7 31. Bg2 Rd6 32. Qe5 Qb4 33. Qg3 Rf6
34. h4 Ne6 35. h5 Bxh5 36. gxh5 Rf4 37. Re4 Qd2 38. Rxf4 Nxf4 39. Qe3 Qb4 40.
Qe4+ Qxe4 41. Rxe4 1-0

[Event "III C.to Unione Europea"]
[Site "Arvier ITA"]
[Date "2007.06.17"]
[Round "3"]
[White "Dritsakos, Alessio"]
[Black "Pipitone, Antonio"]
[Result "0-1"]
[WhiteElo "1506"]
[BlackElo "1994"]
[PlyCount "62"]
[EventDate "2007.06.15"]

1. e4 c5 2. Nf3 Nc6 3. d4 cxd4 4. Nxd4 Nf6 5. Nc3 d6 6. Be3 e6 7. Be2 Be7 8.
O-O O-O 9. Qd2 a6 10. f4 Nxd4 11. Qxd4 Qc7 12. f5 Bd7 13. Bg5 d5 14. Qd3 Bc5+
15. Kh1 dxe4 16. Nxe4 Nxe4 17. Qxe4 exf5 18. Qh4 Rfe8 19. Bd3 g6 20. Rf3 Bf8
21. Bh6 Bxh6 22. Qxh6 Qe5 23. Raf1 Qg7 24. Qg5 Re5 25. Qd2 Bc6 26. Re3 Rxe3 27.
Qxe3 Re8 28. Qb6 Qe5 29. Qb3 Re7 30. h3 Qg3 31. Rg1 Qxh3# 0-1

[Event "III C.to Unione Europea"]
[Site "Arvier ITA"]
[Date "2007.06.17"]
[Round "3"]
[White "Scanferla, Paolo"]
[Black "Occhipinti, Massimo"]
[Result "1/2-1/2"]
[WhiteElo "1707"]
[BlackElo "2020"]
[PlyCount "89"]
[EventDate "2007.06.15"]

1. e4 c5 2. Nf3 a6 3. d4 cxd4 4. Nxd4 e5 5. Nb3 d6 6. Nc3 Nf6 7. Be3 Be6 8. f3
Nbd7 9. Qd2 Rc8 10. O-O-O b5 11. Nd5 Bxd5 12. exd5 Nb6 13. Bxb6 Qxb6 14. Kb1
Be7 15. g4 h6 16. h4 Qc7 17. Bh3 g5 18. hxg5 hxg5 19. Rh2 b4 20. Rdh1 Rh4 21.
Bf1 Qb7 22. Rxh4 gxh4 23. Rxh4 Nxd5 24. Rh8+ Bf8 25. Bxa6 Qxa6 26. Qxd5 Qf1+
27. Nc1 Qc4 28. Qxc4 Rxc4 29. Rh2 Rf4 30. Rf2 e4 31. Re2 d5 32. fxe4 dxe4 33.
g5 Be7 34. Re1 Kd7 35. Nb3 e3 36. c3 Bxg5 37. cxb4 Rxb4 38. Kc2 f5 39. Kd3 Kd6
40. Nd4 f4 41. Nf3 Bf6 42. b3 Kd5 43. Rc1 Be7 44. Rc4 Bd6 45. Rxb4 1/2-1/2

[Event "III C.to Unione Europea"]
[Site "Arvier ITA"]
[Date "2007.06.17"]
[Round "3"]
[White "Stojanovic, Vojislav"]
[Black "Perrone, Samuel"]
[Result "1-0"]
[WhiteElo "1911"]
[BlackElo "1416"]
[PlyCount "79"]
[EventDate "2007.06.15"]

1. e4 c5 2. c4 Nc6 3. Nf3 e5 4. d3 d6 5. Nc3 Bg4 6. h3 Bh5 7. Nd5 Nge7 8. Be2
Nxd5 9. exd5 Ne7 10. Qa4+ Qd7 11. Qxd7+ Kxd7 12. Nxe5+ dxe5 13. Bxh5 g6 14. Bd1
Bg7 15. Rb1 Rab8 16. O-O Kd6 17. f4 Rhf8 18. b3 f6 19. Bd2 Kd7 20. b4 b6 21.
fxe5 fxe5 22. Rxf8 Rxf8 23. bxc5 bxc5 24. Rb7+ Kd6 25. Ba4 Rd8 26. Ba5 Nxd5 27.
Bxd8 Nc3 28. Rd7+ Ke6 29. Re7+ Kf5 30. Bd7+ Kf4 31. Rxg7 Nxa2 32. Be7 Ke3 33.
Bxc5+ Kxd3 34. Bxa7 Kxc4 35. Be6+ Kd3 36. Bxa2 Ke4 37. Bb1+ Kf4 38. Rf7+ Kg5
39. Be3+ Kh5 40. Rxh7# 1-0

[Event "III C.to Unione Europea"]
[Site "Arvier ITA"]
[Date "2007.06.18"]
[Round "4"]
[White "Innocenti, Luca"]
[Black "Turturici, Pellegrino"]
[Result "1/2-1/2"]
[WhiteElo "1894"]
[BlackElo "2010"]
[PlyCount "42"]
[EventDate "2007.06.15"]

1. c4 e6 2. Nf3 d5 3. b3 Nf6 4. g3 Bd6 5. Bb2 b6 6. Bg2 Bb7 7. O-O O-O 8. d3
Nbd7 9. Qc2 c5 10. Nbd2 Re8 11. e4 dxe4 12. Nxe4 Bf8 13. Rad1 Qe7 14. Nxf6+
Nxf6 15. d4 cxd4 16. Rxd4 g6 17. Ne5 Bxg2 18. Kxg2 Bg7 19. Kg1 Rac8 20. Rfd1
Nd5 21. Qe2 Nf6 1/2-1/2

[Event "III C.to Unione Europea"]
[Site "Arvier ITA"]
[Date "2007.06.18"]
[Round "4"]
[White "Perrone, Samuel"]
[Black "Garofalo, Sergio"]
[Result "0-1"]
[WhiteElo "1416"]
[BlackElo "1812"]
[PlyCount "66"]
[EventDate "2007.06.15"]

1. e4 e5 2. Nf3 Nc6 3. Bc4 Nf6 4. Ng5 d5 5. exd5 Na5 6. Bb5+ c6 7. dxc6 bxc6 8.
Be2 h6 9. Nf3 e4 10. Ng1 Bd6 11. d3 O-O 12. dxe4 Nxe4 13. Nf3 Qc7 14. O-O Bg4
15. g3 Rad8 16. Qe1 Bh3 17. b4 Nb7 18. Bb2 Rfe8 19. Bd3 Bxf1 20. Qxf1 Bxb4 21.
Na3 Bc5 22. Bxe4 Rxe4 23. Re1 Rde8 24. Rxe4 Rxe4 25. Qd3 Qe7 26. Qc3 Qf6 27.
Qxf6 gxf6 28. Nb1 Re2 29. Bd4 Bxd4 30. Nxd4 Re1+ 31. Kg2 Rxb1 32. Nxc6 a6 33.
Nb4 Rxb4 0-1

[Event "III C.to Unione Europea"]
[Site "Arvier ITA"]
[Date "2007.06.18"]
[Round "4"]
[White "Pistone, Salvatore"]
[Black "Frontini, Fabio"]
[Result "0-1"]
[WhiteElo "1625"]
[BlackElo "1965"]
[PlyCount "52"]
[EventDate "2007.06.15"]

1. c4 e5 2. Nc3 Nc6 3. Nf3 f5 4. d3 Nf6 5. g3 g6 6. Bg2 Bg7 7. O-O O-O 8. Bg5
d6 9. Nd5 Be6 10. Qd2 Qd7 11. Nxf6+ Bxf6 12. Bxf6 Rxf6 13. Qh6 Qe7 14. Ng5 Bd7
15. Bd5+ Kh8 16. e3 Nb4 17. d4 e4 18. a3 Nd3 19. Qh4 h5 20. Bxe4 fxe4 21. Nxe4
Rf7 22. Ng5 Rf5 23. Nf3 Qf7 24. Qe4 Rxf3 25. Qxd3 Bh3 26. c5 Rf8 0-1

[Event "III C.to Unione Europea"]
[Site "Arvier ITA"]
[Date "2007.06.18"]
[Round "4"]
[White "Squarci, Franco"]
[Black "Dritsakos, Sonia"]
[Result "1-0"]
[WhiteElo "1863"]
[BlackElo "1524"]
[PlyCount "63"]
[EventDate "2007.06.15"]

1. d4 d5 2. Nf3 Nf6 3. Bf4 Bf5 4. Nbd2 e6 5. c3 c5 6. e3 c4 7. Ne5 Bd6 8. Be2
Qc7 9. g4 Be4 10. Nxe4 Nxe4 11. f3 Nc5 12. Nxf7 Kxf7 13. Bxd6 Qxd6 14. dxc5
Qxc5 15. Qd2 Rf8 16. O-O-O Kg8 17. f4 Nc6 18. Bf3 Rad8 19. Qg2 Ne7 20. Rd2 Rd6
21. h4 Ra6 22. a3 Rd8 23. h5 Rdd6 24. Kd1 Rab6 25. Ke2 Rb3 26. Kf1 Rdb6 27. Bd1
Rxb2 28. Rxb2 Rxb2 29. Qxb2 b6 30. Qb4 Qc7 31. Ba4 Kf8 32. Qb5 1-0

[Event "III C.to Unione Europea"]
[Site "Arvier ITA"]
[Date "2007.06.19"]
[Round "5"]
[White "Brunello, Roberta"]
[Black "Pistone, Salvatore"]
[Result "1-0"]
[WhiteElo "1956"]
[BlackElo "1625"]
[PlyCount "49"]
[EventDate "2007.06.15"]

1. e4 c5 2. Nf3 d6 3. d4 cxd4 4. Nxd4 Nf6 5. Nc3 g6 6. Be3 Bg7 7. f3 Bd7 8. Qd2
Nc6 9. Bc4 Ne5 10. Bb3 Rc8 11. g4 Nc4 12. Bxc4 Rxc4 13. O-O-O Bxg4 14. fxg4
Nxg4 15. Qe2 Nxe3 16. Qxe3 h5 17. Kb1 Qb6 18. Nd5 Qc5 19. Qg5 O-O 20. Nxe7+ Kh8
21. Qxc5 dxc5 22. Ne6 Re8 23. Rd8 Rxd8 24. Nxd8 Rxe4 25. Nxf7+ 1-0

[Event "III C.to Unione Europea"]
[Site "Arvier ITA"]
[Date "2007.06.19"]
[Round "5"]
[White "Dritsakos, Sonia"]
[Black "Perrone, Samuel"]
[Result "1-0"]
[WhiteElo "1524"]
[BlackElo "1416"]
[PlyCount "41"]
[EventDate "2007.06.15"]

1. e4 c5 2. Nf3 e6 3. d4 cxd4 4. Nxd4 Nc6 5. Nc3 Qb6 6. Ndb5 Bc5 7. Qd2 Ne5 8.
Na4 Qc6 9. Nxc5 Qxc5 10. Qg5 g6 11. f4 Qb4+ 12. c3 Qxe4+ 13. Be2 Nd3+ 14. Kf1
Nxc1 15. Nd6+ Kf8 16. Nxe4 Nxe2 17. Kxe2 h6 18. Qc5+ Ke8 19. Nd6+ Kd8 20. Nxf7+
Ke8 21. Nxh8 1-0

[Event "III C.to Unione Europea"]
[Site "Arvier ITA"]
[Date "2007.06.19"]
[Round "5"]
[White "Renzini, Lorenzo"]
[Black "Cornaggia, Ranieri"]
[Result "0-1"]
[WhiteElo "1839"]
[BlackElo "1548"]
[PlyCount "81"]
[EventDate "2007.06.15"]

1. c4 Nf6 2. Nc3 g6 3. g3 Bg7 4. Bg2 d6 5. Nf3 O-O 6. O-O e5 7. d3 c6 8. e4 c5
9. a3 Nc6 10. Bd2 Bg4 11. Qc1 Bxf3 12. Bxf3 Nd4 13. Qd1 Qd7 14. Bg2 Ne8 15. b4
Nc7 16. Rb1 b6 17. Ne2 Nxe2+ 18. Qxe2 Rad8 19. Bg5 f6 20. Be3 f5 21. exf5 gxf5
22. Bh3 Qf7 23. f4 Qg6 24. Bg2 Rfe8 25. Qf2 exf4 26. Qxf4 Rxe3 27. Qxf5 Qxf5
28. Rxf5 Rxd3 29. Rf4 Re8 30. Be4 Re3 31. Bc6 Re1+ 32. Rf1 Bd4+ 33. Kg2 R8e2+
34. Kh3 Rxb1 35. Rxb1 Re3 36. a4 cxb4 37. Rxb4 Bc5 38. Rb1 Rc3 39. a5 Rxc4 40.
axb6 Bxb6 41. Rd1 0-1

[Event "III C.to Unione Europea"]
[Site "Arvier ITA"]
[Date "2007.06.19"]
[Round "5"]
[White "Scanferla, Paolo"]
[Black "Marozzi, Giovanni"]
[Result "1-0"]
[WhiteElo "1707"]
[BlackElo "2055"]
[PlyCount "61"]
[EventDate "2007.06.15"]

1. e4 c5 2. Nf3 d6 3. d4 cxd4 4. Nxd4 Nf6 5. Nc3 a6 6. Be3 Nc6 7. f3 g6 8. Bc4
Bg7 9. Qd2 Ne5 10. Bb3 Qc7 11. O-O-O Nc4 12. Bxc4 Qxc4 13. Bh6 Bf8 14. Bxf8
Rxf8 15. Rhe1 Bd7 16. e5 dxe5 17. Rxe5 e6 18. Nb3 Qc7 19. Qg5 Qd8 20. Nc5 b6
21. Nb7 Qe7 22. Nd6+ Kd8 23. Qe3 Kc7 24. Rc5+ Bc6 25. Qe5 Nd7 26. Ndb5+ Kd8 27.
Qc7+ Ke8 28. Nd6+ Qxd6 29. Qxd6 bxc5 30. Qxc6 Rd8 31. Nd5 1-0

[Event "III C.to Unione Europea"]
[Site "Arvier ITA"]
[Date "2007.06.20"]
[Round "6"]
[White "Dritsakos, Sonia"]
[Black "Garofalo, Sergio"]
[Result "1-0"]
[WhiteElo "1524"]
[BlackElo "1812"]
[PlyCount "61"]
[EventDate "2007.06.15"]

1. e4 e5 2. Nf3 Nc6 3. d4 exd4 4. Nxd4 Bc5 5. Be3 Qf6 6. c3 d6 7. Bb5 Bd7 8.
O-O a6 9. Ba4 Qg6 10. Bxc6 bxc6 11. Qf3 Nf6 12. Nf5 Ba7 13. h3 O-O 14. Ne7+ Kh8
15. Nxg6+ fxg6 16. Bxa7 Rxa7 17. Qe3 Raa8 18. Nd2 Rab8 19. b3 c5 20. f4 Rbe8
21. c4 Re7 22. Rae1 Ne8 23. Qg3 Ref7 24. Qh4 h6 25. e5 dxe5 26. Rxe5 Nd6 27. g4
Rxf4 28. Rxf4 Nf5 29. Qf2 g5 30. Rfe4 Bc6 31. Rxf5 1-0

[Event "III C.to Unione Europea"]
[Site "Arvier ITA"]
[Date "2007.06.20"]
[Round "6"]
[White "Iacchetti, Giovanni"]
[Black "Pistone, Salvatore"]
[Result "1/2-1/2"]
[WhiteElo "1917"]
[BlackElo "1625"]
[PlyCount "48"]
[EventDate "2007.06.15"]

1. Nf3 d5 2. b3 c5 3. e3 Nc6 4. Bb2 e6 5. Bb5 a6 6. Bxc6+ bxc6 7. O-O Nf6 8. d3
Bd6 9. Nbd2 O-O 10. Ne5 Qc7 11. f4 Nd7 12. Nef3 e5 13. fxe5 Nxe5 14. Nxe5 Bxe5
15. Bxe5 Qxe5 16. Qf3 Bd7 17. Qf2 Rae8 18. e4 Qc3 19. Rac1 Re6 20. a4 Rf6 21.
Qe1 Rxf1+ 22. Nxf1 Qd4+ 23. Qf2 Re8 24. Qxd4 cxd4 1/2-1/2

[Event "III C.to Unione Europea"]
[Site "Arvier ITA"]
[Date "2007.06.20"]
[Round "6"]
[White "Innocenti, Luca"]
[Black "Diotallevi, Maurizio"]
[Result "1/2-1/2"]
[WhiteElo "1894"]
[BlackElo "2137"]
[PlyCount "61"]
[EventDate "2007.06.15"]

1. c4 e6 2. Nf3 d5 3. b3 c5 4. g3 Nc6 5. Bb2 d4 6. d3 Nf6 7. Bg2 Be7 8. Nbd2 h6
9. a3 O-O 10. O-O e5 11. Qc2 Bf5 12. Ne4 Qd7 13. Rad1 Bh3 14. Nxf6+ Bxf6 15.
Ne1 Bxg2 16. Nxg2 Rae8 17. Bc1 Bd8 18. e4 f5 19. f3 fxe4 20. fxe4 Bf6 21. Bd2
Be7 22. Qb1 a5 23. Rxf8+ Rxf8 24. Rf1 Ra8 25. Rf5 Qd8 26. a4 Qd7 27. Ne1 Qe6
28. Nc2 Bf6 29. Na3 Ne7 30. Rf2 b6 31. Nb5 1/2-1/2

[Event "III C.to Unione Europea"]
[Site "Arvier ITA"]
[Date "2007.06.20"]
[Round "6"]
[White "Perrone, Samuel"]
[Black "Renzini, Lorenzo"]
[Result "1-0"]
[WhiteElo "1416"]
[BlackElo "1839"]
[PlyCount "62"]
[EventDate "2007.06.15"]

1. e4 c5 2. c3 d5 3. exd5 Qxd5 4. d4 cxd4 5. Qxd4 Qxd4 6. cxd4 e6 7. Nf3 Nf6 8.
Bd3 Be7 9. O-O O-O 10. Nc3 a6 11. Re1 Bb4 12. Bf4 Nbd7 13. a3 Nd5 14. Nxd5 Bxe1
15. Ne7+ Kh8 16. Rxe1 Nf6 17. Bd6 Rd8 18. Ng5 Rf8 19. Ng6+ hxg6 20. Bxf8 Bd7
21. Bd6 Kg8 22. Rc1 Bc6 23. f3 Rd8 24. Bc5 Nh5 25. Re1 Nf4 26. Bc4 b5 27. Ba2
Nd3 28. Rxe6 Nxc5 29. Rxc6 Nd3 30. Bxf7+ Kh8 31. Bxg6 Rf8 1-0

[Event "III C.to Unione Europea"]
[Site "Arvier ITA"]
[Date "2007.06.21"]
[Round "7"]
[White "Bogatto, Mario"]
[Black "Perrone, Samuel"]
[Result "0-1"]
[WhiteElo "1528"]
[BlackElo "1416"]
[PlyCount "92"]
[EventDate "2007.06.15"]

1. c4 g6 2. Nc3 Bg7 3. d4 d6 4. e3 Nf6 5. Nf3 O-O 6. Bd3 b6 7. O-O Bb7 8. d5
Nbd7 9. e4 Nc5 10. Bc2 Qd7 11. h3 e6 12. Qe2 Rfe8 13. b4 Ncxe4 14. Nxe4 Nxe4
15. Bxe4 Bxa1 16. Bh6 Bf6 17. Qd3 exd5 18. cxd5 Qa4 19. h4 Ba6 20. Qb1 Rxe4 21.
Qxe4 Bxf1 22. Kxf1 Qd1+ 23. Ne1 Bg7 24. Bg5 Bc3 25. Bh6 Qxe1+ 26. Qxe1 Bxe1 27.
Kxe1 Re8+ 28. Kd2 Re5 29. Bg5 Rxd5+ 30. Kc3 c6 31. Be3 f5 32. g3 Kf7 33. a3 Ke6
34. Kc2 Ke5 35. Bf4+ Ke4 36. Be3 Rd3 37. Bf4 d5 38. Kb2 Rf3 39. Be3 Rxe3 40.
fxe3 Kxe3 41. Kc3 d4+ 42. Kc2 Ke2 43. h5 d3+ 44. Kb2 d2 45. hxg6 hxg6 46. g4
d1=Q 0-1

[Event "III C.to Unione Europea"]
[Site "Arvier ITA"]
[Date "2007.06.21"]
[Round "7"]
[White "Cornaggia, Ranieri"]
[Black "Iacchetti, Giovanni"]
[Result "1-0"]
[WhiteElo "1548"]
[BlackElo "1917"]
[PlyCount "83"]
[EventDate "2007.06.15"]

1. e4 g6 2. Nf3 d6 3. d4 Bg7 4. Be3 Nf6 5. Nc3 c6 6. Be2 b5 7. a3 O-O 8. O-O
Nbd7 9. Qd2 Ng4 10. Rad1 a5 11. h3 Nxe3 12. Qxe3 b4 13. Nb1 c5 14. a4 Qc7 15.
b3 Nb6 16. Nbd2 Bd7 17. dxc5 dxc5 18. Nc4 Be6 19. Nxb6 Qxb6 20. e5 Qc7 21. Ng5
Bf5 22. f4 Bxc2 23. Rc1 h6 24. Nf3 Bf5 25. Qxc5 Qxc5+ 26. Rxc5 Rfc8 27. Rfc1 f6
28. Rxc8+ Rxc8 29. Rxc8+ Bxc8 30. Bc4+ Kf8 31. Nh4 g5 32. fxg5 fxg5 33. Ng6+
Ke8 34. e6 Kd8 35. Kf2 Kc7 36. Nxe7 Bd4+ 37. Ke2 Bc5 38. Nf5 Kd8 39. Nxh6 Bd4
40. Nf7+ Ke7 41. Nxg5 Bf6 42. Ne4 1-0

[Event "III C.to Unione Europea"]
[Site "Arvier ITA"]
[Date "2007.06.21"]
[Round "7"]
[White "Fraser-Mitchell, Jeremy N."]
[Black "Innocenti, Luca"]
[Result "1/2-1/2"]
[WhiteElo "2084"]
[BlackElo "1894"]
[PlyCount "35"]
[EventDate "2007.06.15"]

1. d4 d5 2. c4 dxc4 3. Nc3 a6 4. a4 Nf6 5. e4 e6 6. Bxc4 c5 7. d5 exd5 8. exd5
Bd6 9. Nf3 Qc7 10. O-O O-O 11. Bg5 Nbd7 12. a5 b6 13. axb6 Qxb6 14. Qc2 Bb7 15.
Nd2 Be5 16. Nde4 Nxe4 17. Nxe4 Nf6 18. Nxf6+ 1/2-1/2

[Event "III C.to Unione Europea"]
[Site "Arvier ITA"]
[Date "2007.06.21"]
[Round "7"]
[White "Marozzi, Giovanni"]
[Black "Dritsakos, Alessio"]
[Result "1-0"]
[WhiteElo "2055"]
[BlackElo "1506"]
[PlyCount "45"]
[EventDate "2007.06.15"]

1. c3 e5 2. d4 exd4 3. cxd4 d5 4. Bf4 Bd6 5. Bxd6 Qxd6 6. Nc3 Nf6 7. e3 c6 8.
Nf3 O-O 9. Bd3 Re8 10. O-O Bg4 11. h3 Bh5 12. Be2 Nbd7 13. Rc1 Bg6 14. Nh4 Ne4
15. Nxg6 Qxg6 16. Nxe4 Rxe4 17. Bd3 Rae8 18. f3 Qg5 19. fxe4 Qxe3+ 20. Kh1 dxe4
21. Bc4 Nf6 22. Qb3 Qxb3 23. Bxb3 1-0

[Event "III C.to Unione Europea"]
[Site "Arvier ITA"]
[Date "2007.06.21"]
[Round "7"]
[White "Pistone, Salvatore"]
[Black "Bellia, Mario"]
[Result "1-0"]
[WhiteElo "1625"]
[BlackElo "1407"]
[PlyCount "141"]
[EventDate "2007.06.15"]

1. c4 Nf6 2. Nc3 e6 3. e4 h5 4. e5 Ng4 5. d4 Bb4 6. Nf3 d5 7. a3 Be7 8. cxd5
exd5 9. b4 a6 10. Bb2 g5 11. Rc1 Be6 12. Qa4+ c6 13. Qc2 Nh6 14. Na4 g4 15. Nd2
Bg5 16. Nc5 Qe7 17. Ndb3 Bxc1 18. Qxc1 b6 19. Nxe6 fxe6 20. Bd3 Kd7 21. Qc2 Rf8
22. Bc1 Nf5 23. g3 Kc7 24. h3 Nd7 25. h4 Kb7 26. Bg5 Qe8 27. O-O Rc8 28. a4 Nb8
29. Na5+ Ka7 30. Nb3 Qd7 31. a5 bxa5 32. Nc5 Nxd4 33. Nxd7 Nxc2 34. Nxf8 Rxf8
35. Bxc2 axb4 36. Be3+ Kb7 37. Bc5 Rf3 38. Bxb4 Nd7 39. Rb1 Kc8 40. Bd6 a5 41.
Ba4 Rc3 42. Kf1 Rc4 43. Bb3 Rc3 44. Ke2 Nb6 45. Bd1 Kb7 46. Be7 Kc7 47. Bd8+
Kxd8 48. Rxb6 Kc7 49. Rb2 Ra3 50. Bc2 c5 51. Bg6 Rf3 52. Bxh5 Rf5 53. Bxg4
Rxe5+ 54. Kd2 a4 55. Ra2 Re4 56. Bd1 Rd4+ 57. Kc1 Rc4+ 58. Bc2 Kd7 59. Rxa4
Rxa4 60. Bxa4+ Ke7 61. h5 Kf6 62. g4 e5 63. Kd2 Kg5 64. Bc6 d4 65. Kd3 Kf6 66.
Kc4 Kg5 67. Be4 Kf4 68. f3 Kg5 69. Kxc5 Kh6 70. Kd5 Kg5 71. Kxe5 1-0

[Event "III C.to Unione Europea"]
[Site "Arvier ITA"]
[Date "2007.06.22"]
[Round "8"]
[White "Frank, Albert"]
[Black "Dritsakos, Alessio"]
[Result "1/2-1/2"]
[WhiteElo "1987"]
[BlackElo "1506"]
[PlyCount "38"]
[EventDate "2007.06.15"]

1. Nf3 d5 2. c4 c6 3. g3 e6 4. Bg2 Nf6 5. O-O Bd6 6. d4 dxc4 7. Nbd2 b5 8. a4
Bb7 9. e4 Bb4 10. e5 Nd5 11. Ne4 Nd7 12. Bd2 Be7 13. axb5 cxb5 14. Ba5 N5b6 15.
Re1 O-O 16. h4 f6 17. Bh3 f5 18. Neg5 Bd5 19. Bg2 h6 1/2-1/2

[Event "III C.to Unione Europea"]
[Site "Arvier ITA"]
[Date "2007.06.22"]
[Round "8"]
[White "Pistone, Salvatore"]
[Black "Antoniacci, Riccardo"]
[Result "0-1"]
[WhiteElo "1625"]
[BlackElo "1995"]
[PlyCount "86"]
[EventDate "2007.06.15"]

1. c4 e5 2. Nc3 Nc6 3. g3 g6 4. Bg2 Bg7 5. Nf3 d6 6. O-O f5 7. d3 Nf6 8. Bd2
O-O 9. Qc1 Ne7 10. Bh6 c6 11. Bxg7 Kxg7 12. e3 h6 13. Nd2 g5 14. Ne2 Ng6 15.
Qc3 Be6 16. d4 e4 17. f3 d5 18. Rac1 Rc8 19. c5 Qc7 20. Bh3 exf3 21. Nxf3 g4
22. Nf4 Nxf4 23. exf4 gxf3 24. Qxf3 Ne4 25. Rfe1 Qf7 26. Bf1 Qg6 27. Rc2 h5 28.
Qb3 Rc7 29. Bg2 Kh8 30. Bxe4 dxe4 31. Qc3 Bd5 32. Re3 Rg7 33. Rg2 Rfg8 34. h3
Qf6 35. a4 h4 36. Kh2 hxg3+ 37. Rexg3 Qh4 38. Rxg7 Rxg7 39. Rxg7 Kxg7 40. Qg3+
Qxg3+ 41. Kxg3 e3 42. b4 Kh6 43. b5 Kh5 0-1

[Event "III C.to Unione Europea"]
[Site "Arvier ITA"]
[Date "2007.06.22"]
[Round "8"]
[White "Renzini, Lorenzo"]
[Black "Bellia, Mario"]
[Result "1-0"]
[WhiteElo "1839"]
[BlackElo "1407"]
[PlyCount "139"]
[EventDate "2007.06.15"]

1. c4 Nf6 2. Nc3 e6 3. g3 c6 4. Bg2 d6 5. Nf3 Be7 6. O-O O-O 7. b3 Nbd7 8. Bb2
Qc7 9. Rc1 a5 10. Qc2 Rd8 11. d4 Nf8 12. Nd2 d5 13. c5 Bd7 14. Na4 Ra6 15. e3
Ng6 16. Qc3 Be8 17. Nf3 Nd7 18. Ne5 f6 19. Nxd7 Bxd7 20. Rfe1 Be8 21. Bf1 Ra7
22. e4 Bf7 23. exd5 exd5 24. Qe3 Re8 25. Bh3 Bf8 26. Qd2 Raa8 27. Nb6 Rxe1+ 28.
Rxe1 Re8 29. Qxa5 Rxe1+ 30. Qxe1 Qd8 31. Kf1 Ne7 32. Qa5 f5 33. Bc1 h6 34. Qa7
g5 35. Qxb7 g4 36. Bg2 Be8 37. Qa8 Qxa8 38. Nxa8 Bg7 39. Nc7 Bd7 40. Be3 Kf7
41. Ke2 Nc8 42. Na6 Na7 43. a4 Ke6 44. Kd3 h5 45. Bf1 Bf6 46. h4 Bd8 47. Nb8
Bc8 48. Bf4 Ba5 49. Ke3 Bc3 50. Ba6 Bd7 51. Nxd7 Kxd7 52. Be2 Ba5 53. f3 Ke6
54. fxg4 fxg4 55. Bd3 Nc8 56. Bg6 Ne7 57. Bxh5 Kf5 58. Be8 Ke6 59. Be5 Bd8 60.
Kf4 Nf5 61. Bxc6 Nh6 62. Bb7 Nf7 63. Bb8 Bf6 64. Ke3 Nd8 65. Ba8 Nf7 66. c6 Nd6
67. h5 Nf5+ 68. Kd3 Nxd4 69. c7 Kd7 70. Bb7 1-0

[Event "III C.to Unione Europea"]
[Site "Arvier ITA"]
[Date "2007.06.22"]
[Round "8"]
[White "Stojanovic, Vojislav"]
[Black "Cornaggia, Ranieri"]
[Result "1-0"]
[WhiteElo "1911"]
[BlackElo "1548"]
[PlyCount "57"]
[EventDate "2007.06.15"]

1. e4 e5 2. Nf3 Nc6 3. Bc4 Bc5 4. b4 Bxb4 5. c3 Be7 6. d4 exd4 7. Qb3 Na5 8.
Bxf7+ Kf8 9. Qa4 Kxf7 10. Qxa5 d6 11. cxd4 Bf6 12. e5 dxe5 13. dxe5 Qe8 14. O-O
b6 15. Qc3 Be7 16. Bb2 Be6 17. Nd4 Bc5 18. Nxe6 Qxe6 19. Qf3+ Nf6 20. exf6 gxf6
21. Nd2 Rae8 22. Ne4 h6 23. Nxf6 Rhf8 24. Nd5+ Kg6 25. Qg3+ Kh5 26. Nf4+ Rxf4
27. Qxf4 Rf8 28. Qe5+ Qxe5 29. Bxe5 1-0

[Event "III C.to Unione Europea"]
[Site "Arvier ITA"]
[Date "2007.06.23"]
[Round "9"]
[White "Bellia, Mario"]
[Black "Bogatto, Mario"]
[Result "1-0"]
[WhiteElo "1407"]
[BlackElo "1528"]
[PlyCount "105"]
[EventDate "2007.06.15"]

1. b3 d5 2. Bb2 e6 3. Nf3 Nd7 4. d4 Ngf6 5. a3 a6 6. Nbd2 Bd6 7. c4 b6 8. cxd5
exd5 9. Qc2 Qe7 10. g3 Bb7 11. Bg2 a5 12. O-O Ba6 13. Ne5 Bb7 14. Ndf3 h6 15.
Bh3 O-O 16. Bxd7 Nxd7 17. Rfc1 f6 18. Ng6 Qe8 19. Nxf8 Nxf8 20. a4 Bc8 21. Ba3
Bxa3 22. Rxa3 Ra7 23. Ra2 Bd7 24. Qd3 Qg6 25. Qd2 c6 26. Nh4 Qe4 27. f3 Qe8 28.
Rc3 Ra8 29. Re3 Qf7 30. Rc2 Rc8 31. Ng2 Ng6 32. Rec3 Qe8 33. e3 Bh3 34. Nf4
Nxf4 35. exf4 Bd7 36. Re3 Qf7 37. h4 Qg6 38. Qf2 h5 39. Rce2 Re8 40. Kg2 Kh7
41. Re7 Rd8 42. Qe3 Kg8 43. Qc3 Qf5 44. g4 hxg4 45. fxg4 Qxg4+ 46. Qg3 Qxg3+
47. Kxg3 f5 48. h5 Kh7 49. Kh4 c5 50. dxc5 bxc5 51. Kg5 Bc6 52. h6 Rg8 53. Rh2
1-0

[Event "III C.to Unione Europea"]
[Site "Arvier ITA"]
[Date "2007.06.23"]
[Round "9"]
[White "Cornaggia, Ranieri"]
[Black "Frank, Albert"]
[Result "0-1"]
[WhiteElo "1548"]
[BlackElo "1987"]
[PlyCount "84"]
[EventDate "2007.06.15"]

1. e4 c5 2. Nf3 a6 3. Nc3 Nc6 4. d4 cxd4 5. Nxd4 e6 6. Be3 Bb4 7. Qd2 Nf6 8. f3
d5 9. a3 Qa5 10. Nb3 Bxc3 11. Nxa5 Bxd2+ 12. Bxd2 dxe4 13. Nxc6 bxc6 14. Be2
O-O 15. O-O a5 16. Bg5 exf3 17. Bxf3 Ba6 18. Rfc1 Rac8 19. Bxf6 gxf6 20. Rd1
Bc4 21. Rd4 Bd5 22. Rf1 f5 23. c4 Bxf3 24. Rxf3 Rfd8 25. Rfd3 Rxd4 26. Rxd4 Rb8
27. Rd6 Rxb2 28. Rxc6 Ra2 29. Rc8+ Kg7 30. c5 Rxa3 31. c6 Rc3 32. c7 a4 33. Ra8
Rxc7 34. Rxa4 Rc2 35. h3 h5 36. Kh2 Kg6 37. Kg3 Rc3+ 38. Kh4 Re3 39. g4 hxg4
40. hxg4 Re4 41. Rxe4 fxe4 42. g5 Kf5 0-1

[Event "III C.to Unione Europea"]
[Site "Arvier ITA"]
[Date "2007.06.23"]
[Round "9"]
[White "Dritsakos, Sonia"]
[Black "Brunello, Roberta"]
[Result "0-1"]
[WhiteElo "1524"]
[BlackElo "1956"]
[PlyCount "64"]
[EventDate "2007.06.15"]

1. e4 e5 2. Nf3 Nc6 3. d4 exd4 4. Nxd4 Bc5 5. Be3 Qf6 6. c3 Nge7 7. Be2 O-O 8.
Qd2 Qg6 9. O-O Bb6 10. f3 d5 11. Bd3 Ne5 12. Bc2 Nc4 13. Qf2 Nxe3 14. Qxe3 f5
15. exf5 Nxf5 16. Qe5 Qf7 17. Bxf5 Bxf5 18. Kh1 Bd3 19. Rd1 Rae8 20. Qg3 Re3
21. Qf2 Rfe8 22. Nd2 c5 23. Nb5 Bxb5 24. Qg3 Bc7 25. Qf2 Qh5 26. Qg1 Re2 27.
Nf1 Bc6 28. Qxc5 Rxg2 29. Kxg2 Re2+ 30. Kg1 Bxh2+ 31. Nxh2 Qxh2+ 32. Kf1 Qg2#
0-1

[Event "III C.to Unione Europea"]
[Site "Arvier ITA"]
[Date "2007.06.23"]
[Round "9"]
[White "Innocenti, Luca"]
[Black "Battistella, Stefano"]
[Result "1-0"]
[WhiteElo "1894"]
[BlackElo "2068"]
[PlyCount "73"]
[EventDate "2007.06.15"]

1. c4 c5 2. Nc3 Nc6 3. Nf3 e5 4. e3 d6 5. d4 cxd4 6. exd4 Bg4 7. Be2 Be7 8. Qa4
Kf8 9. dxe5 dxe5 10. Be3 Qd6 11. c5 Qd7 12. Rd1 Qc8 13. O-O Bd7 14. Qc4 Be6 15.
Qa4 f6 16. Ne4 Qc7 17. b4 a6 18. a3 g6 19. Nd6 Rd8 20. Nxb7 Qxb7 21. Qxa6 Bc8
22. Qxb7 Bxb7 23. b5 Nb8 24. a4 h5 25. a5 Nh6 26. a6 Nxa6 27. bxa6 Ba8 28.
Rxd8+ Bxd8 29. Rb1 Bc7 30. Bxh6+ Rxh6 31. a7 Rh8 32. Rb8+ Kg7 33. Rxh8 Kxh8 34.
Nd2 f5 35. Nc4 Kg7 36. Nb6 Bxb6 37. cxb6 1-0